paroles - chansons Saez musique - Statistiques

Statistiques générales
  • Ce quiz a été pris 145 fois
  • Le résultat moyen est 8 sur 23
Statistiques - réponses
Hint Réponse % Correct
puisque des hommes crèvent sous les ponts jeune et con
82%
moi j'ai la bouche comme un canard p'tite pute
66%
elle est partisane quand elle boit mon européenne
64%
c'est mes coups d'jus, c'est mes coups de foudre marguerite
59%
ils étaient des promesses, ils étaient devenir les enfants paradis
51%
la télé, le canapé et le crédit à payer pilule
49%
quand elle danse un tango lulu
46%
comme on aime le soleil j'veux qu'on baise sur ma tombe
42%
j'bois comme un trou jusqu'à la tombe rue d'la soif
37%
je parle français, je bois de la bière je suis
34%
dans le monde de la nuit faut voir comme ils se la pètent la belle au bois
32%
arrête de délirer enfin tu sais qu'elle ne reviendra pas les meurtrières
32%
toi et moi de bouche en bouche cigarette
30%
mi corazon guantanamo
28%
aux enfants de truffaut les fils d'artaud
24%
aller, crève fils de p*te humanité
19%
et ma sainte hélène c'est ma vie notre dame mélancolie
19%
j'irai chercher de l'or pour chacun de tes doigts rois demain
16%
non je ne suis pas un ange jours étranges
13%
mon pays liberté le drapeau de l'espoir l'oiseau liberté
13%
si se conjuguer c'est s'écrire aux encres des amours
8%
le s*xe c'est mon h*roine rock'n'roll star
3%
tant pis si c'est la fin du monde enlève ton masque
1%
Aucun quiz correspondant
Distribution des résultats
% des personnes avec chaque résultat
Percentile par nombre de réponses
Votre historique - résultats
Vous n’avez pas pris ce quiz